| 000 | 01358cam a22003371 4500 | ||
|---|---|---|---|
| 999 |
_c12875 _d12875 |
||
| 001 | 9707748 | ||
| 003 | EG-ScBUE | ||
| 005 | 20210517092852.0 | ||
| 008 | 770628s2004 ii f b 000 0 eng d | ||
| 020 | _a8175811161 | ||
| 035 | _a(OCoLC)3079161 | ||
| 040 |
_aDLC _beng _erda _cPCvA _dOCoLC _dDLC _dEG-ScBUE |
||
| 082 | 0 | 4 |
_a821.7 _bCOL _222 |
| 100 | 1 |
_aColeridge, Samuel Taylor, _d1772-1834, _eauthor. _99200 |
|
| 245 | 1 | 0 |
_aBiographia Literaria : _bedited with a critical introduction, the text, notes and eplanations, questions and answers / _cSamuel Taylor Coleridge ; Dr. Raghukul Tilak, M.A., Ph.D. formerly head, Department of English, Meerut College. |
| 250 | _aTwentieth edition. | ||
| 264 | 1 |
_aNew Delhi : _bRama Brothers India Pvt. Ltd., _c2004. |
|
| 300 |
_aix, 206 pages ; _b21 cm |
||
| 336 |
_2rdacontent _atext _btxt |
||
| 337 |
_2rdamedia _aunmediated _bn |
||
| 338 |
_2rdacarrier _avolume _bnc |
||
| 500 | _a"First published in this edition, 1906; reprinted ... 1934." | ||
| 504 | _aIncludes bibliographical references. | ||
| 600 | 1 | 7 |
_99197 _aColeridge, Samuel Taylor, _d1772-1834, _xAesthetics. _2BUEsh |
| 650 | 7 |
_99198 _aCriticism _zEngland. _2BUEsh |
|
| 650 | 7 |
_99199 _aEnglish poetry _xHistory and criticism _xTheory, etc. _2BUEsh |
|
| 651 | _2BUEsh | ||
| 653 |
_bHHUUEENN _cMay2021 |
||
| 655 |
_vReading book _934232 |
||
| 942 |
_2ddc _cBB |
||